Philosophy of Srimad Bhagavata (Record no. 422695)

MARC details
000 -LEADER
fixed length control field 00684nam a2200241Ia 4500
003 - CONTROL NUMBER IDENTIFIER
control field OSt
005 - DATE AND TIME OF LATEST TRANSACTION
control field 20220924125455.0
008 - FIXED-LENGTH DATA ELEMENTS--GENERAL INFORMATION
fixed length control field 220923b |||||||| |||| 00| 0 san d
037 ## - SOURCE OF ACQUISITION
Terms of availability Textual
040 ## - CATALOGING SOURCE
Original cataloging agency ARTS
Transcribing agency ARTS
Language of cataloging san
041 ## - LANGUAGE CODE
Source of code san
Language code of text/sound track or separate title san
100 ## - MAIN ENTRY--PERSONAL NAME
Personal name Bhattacarya Siddhesvara
9 (RLIN) 198311
245 #0 - TITLE STATEMENT
Title Philosophy of Srimad Bhagavata
260 ## - PUBLICATION, DISTRIBUTION, ETC.
Place of publication, distribution, etc. Santiniketan
Name of publisher, distributor, etc. Visva-Bharati India
Date of publication, distribution, etc. 1960
300 ## - PHYSICAL DESCRIPTION
Extent 389p.
Dimensions cm.
650 ## - SUBJECT ADDED ENTRY--TOPICAL TERM
Topical term or geographic name entry element ENGLISH LITERATURE
942 ## - ADDED ENTRY ELEMENTS (KOHA)
Classification part Q22:223:g(R3), K0.1
Koha item type Textual
Source of classification or shelving scheme Colon Classification (CC)
Holdings
Withdrawn status Lost status Damaged status Not for loan Home library Current library Date acquired Total Checkouts Full call number Barcode Date last seen Price effective from Koha item type
        Arts Library Arts Library 2022-09-24   Q22:223:g(R3) K0.1 AL0199988 2022-09-24 2022-09-24 Textual
Copyright @ Delhi University Library System